书目信息 |
| 题名: |
马克思主义与当代
|
|
| 作者: | 许征帆 主编 | |
| 分册: | ||
| 出版信息: | 北京 中国人民大学出版社 1987 |
|
| 页数: | 432页 | |
| 开本: | 20cm | |
| 丛书名: | ||
| 单 册: | ||
| 中图分类: | A8 | |
| 科图分类: | ||
| 主题词: | 马克思主义、列宁主义、毛泽东思想--学习 , 马克思主义、列宁主义、毛泽东思想--研究 | |
| 电子资源: | ||
| ISBN: | 7-300-00062-2 | |
| 000 | 00697nam0 2200229 45 | |
| 001 | 0187000314 | |
| 005 | 20050317170831.9 | |
| 010 | @a7-300-00062-2@dCNY3.30 | |
| 100 | @a19930923d1987 emky0chiy0121 ea | |
| 101 | 0 | @achi |
| 102 | @aCN@b110000 | |
| 105 | @ay z 000yy | |
| 200 | 10 | @a马克思主义与当代@Ama ke si zhu yi yu dang dai@f许征帆等主编@FXu Zheng Fan Deng Zhu Bian |
| 210 | @a北京@c中国人民大学出版社@d1987 | |
| 215 | @a432页@d20cm | |
| 606 | 0 | @a马克思主义、列宁主义、毛泽东思想@x学习 |
| 606 | @a马克思主义、列宁主义、毛泽东思想@x研究 | |
| 690 | @aA8@v3 | |
| 701 | 0 | @a许征帆@4主编 |
| 801 | 0 | @aCN@b深圳图书馆@c20050317 |
| 801 | 2 | @aCN@bNLC@c20050317 |
| 905 | @f1@b213288@dA8@e113 | |
| 马克思主义与当代/许征帆等主编.-北京:中国人民大学出版社,1987 |
| 432页;20cm |
| ISBN 7-300-00062-2:CNY3.30 |
| ● |
| 相关链接 |
|
|
|
|
正题名:马克思主义与当代
索取号:A8/113
 
预约/预借
| 序号 | 登录号 | 条形码 | 馆藏地/架位号 | 状态 | 备注 |
| 1 | 0213288 | 001980404 | 第一借阅区/ [索取号:A8/113] | 在馆 | |
| 2 | 0213289 | 002047494 | 第一样本阅览室/ [索取号:A8/113] | 在馆 |